| 000 | 01537nam a22002417a 4500 | ||
|---|---|---|---|
| 999 |
_c184793 _d184793 |
||
| 005 | 20220824152426.0 | ||
| 010 | _aB-742243-244 B-745212 HIN-21-22 | ||
| 020 |
_a9788195213337 _c300.00 |
||
| 035 | _aB-742243-244 | ||
| 035 | _aB-745212 | ||
| 037 | _bएस॰ पी॰ कौशिक इंटरप्राइजेज | ||
| 037 | _bउपहार | ||
| 082 | _aक | ||
| 100 | _aवर्मा, अशोक | ||
| 245 |
_aचिंगारी तथा अन्य लघुकथाएँ: _bअशोक वर्मा की चुनी हुई 55 लघुकथाएं/ _cअशोक वर्मा |
||
| 250 | _a2022 | ||
| 260 |
_aदिल्ली _bएस॰ पी॰ कौशिक इंटरप्राइजेज _c2022 |
||
| 270 |
_aए-49, भू-तल, गली न॰-6, जगतपुरी एक्सटेंशन _bदिल्ली _e110093 _k8851515756 _mspkaushikenterprises@gmail.com |
||
| 300 |
_a95 पृ॰ _c22 सेमी॰ (सजिल्द) |
||
| 942 |
_2ddc _cHN _mवर्माअ _hक |
||